01298ntm a2200157 a 4500008004100000020001500041041000800056100002200064245006900086250004800155260003400203300002200237500010100259505076900360655001101129170302t2000 ag ||||g |||| 001 0 spa d a9509009075 aspa1 aCornwell, Bernard aStonechengue.bUna novela del año 2000 A.C /cBernard Cornwell a1a ed.bTraducción Eduardo Iriarte Goñi aBuenos Aires:bEdhasa;c2004. a528 p.c23x15 cm. aCornwell, B. (2004). Stonehenge. Una novela del año 2000 A.C. (1a ed.). Buenos Aires : Edhasa. aHace unos cuatro mil años, una tribu del sudoeste de Gran Bretaña llevó a cabo una de las mayores hazañas arquitectónicas de todos los tiempos: Stonehenge, un santuario hecho a base de inmensos bloques de piedra traídos de tierras lejanas. La grandiosidad de la obra a dejado perplejos a los investigadores a los largo de los siglos. ¿Qué llevó a aquellos hombres a acometer semejante empresa? ¿Cuáles eran sus nombres, sus motivaciones, sus dioses? Bertrand Cornwell responde a éstas y muchas otras preguntas a través de la historia de los tres hijos del jefe de la tribu de Ratharryn: Lengar, Camaban y Saban; el guerrero, el visionario y el constructor. Tres hermanos que, cada uno a su modo, osaron desafiar al mismísimo dios del Sol. aNovela